1153 1385 1965 1613 1581 1475 1959 1444 1982 1743 1119 1339 1246 1271 1657 1213 1669 1010 1061 1064 1620 1059 1054 1034 1280 1089 1173 1296 1813 1050 1869 1279 1864 1171 1913 1568 1774 1112 1130 1865 1923 1811 1383 1516 1675 1666 1831 1081 1235 1619 1487 1681 1813 1089 1940 1354 1909 1960 1273 1488 1041 1493 1099 1566 1827 1482 1370 1575 1958 1126 1620 1760 1647 1820 1194 1869 1462 1107 1936 1896 1858 1076 1541 1412 1317 1395 1019 1465 1874 1587 1593 1303 1818 1616 1084 1516 1889 1170 1245 BCNSPRNW ULIB Ver.6.0+V

เปลี่ยนเป็นภาษาไทย

Change to English
 แสดงรายละเอียดบรรณานุกรม
  กลับหน้าหลัก

Brief Record : Get Marc (ISO 2709) : E-mail record : QR code < ปิดหน้าต่าง
LEADER : 00000nam 2200000uu 4500
001    13399113122
003     ULIB
008    110927s||||||||th 000 0 tha d
020    9789747884401
050 04 QA39^bร482ล 2550
100 0  ริวตะ คาวาชิม่า
245 10 เลขคณิตพิชิตสมองเสื่อม /^cริวตะ คาวาชิม่า ; อิศเรศ ทองปัสโณว์ แปล
250    พิมพ์ครั้งที่ 3
260    กรุงเทพฯ :^bเนชั่นบุ๊คส์,^c2550
300    173 หน้า :^bภาพประกอบ
650  7 เลขคณิต
650  7 คณิตศาสตร์
700 00 อิศเรศ ทองปัสโณว์,^eผู้แปล
945    ^p185^l0^i023160
995    ทศพร
999 ^a ทศพร
รายการนี้ยังไม่มีแท็ก
คุณยังไม่ได้ล็อกอิน คุณสามารถมีกิจกรรมร่วมกับเว็บไซต์ได้ แต่ต้องล็อกอินก่อน ::
  ล็อกอิน

รายการสื่อสารสนเทศ

ลำดับที่ ประเภท เลขเรียก/บาร์โค้ด สถานที่ สถานะ
- ไม่พบข้อมูล -

รายการใกล้เคียง
    หัวเรื่อง [คณิตศาสตร์]

BibComment


ยังไม่เคยถูกคอมเมนท์

คอมเมนท์ทรัพยากรรายการนี้
  คอมเมนท์: เลขคณิตพิชิตสมองเ..


 Copyright 2026. Bcnsprnw @Library